| 000 | 01088nji a22002657a 4500 | ||
|---|---|---|---|
| 005 | 20100917150858.0 | ||
| 006 | a|||||r|||||00| 0 | ||
| 007 | sd ammalaaahaa | ||
| 008 | 100830t xxu||||| |||| 00| 0 eng d | ||
| 028 |
_aS/45-OLP. 504 _bODEON |
||
| 035 | _aGR-03117 | ||
| 040 |
_aSED _cSED |
||
| 100 |
_917455 _aJoe Gomes |
||
| 245 |
_aAre diwano mujhe pehchano-Don : _cby Joe Gomes _h[sound recording] : _bclarionet / |
||
| 246 | _aअरे दीवानों मुझे पहचानो-डोन /जोए गोमेस द्वारा | ||
| 260 |
_aDum Dum, India _bODEON _c1979 |
||
| 300 |
_a1 sound disc [Gramophone Recording]: _banalog, 33 1/3 rpm _c12 in. (LP) _fGramophone Record |
||
| 500 | _aBrief Record | ||
| 500 | _aRecord labels : ODEON, Black | ||
| 505 | _aSide-2 (Yeh mera dil yaar ka diwana-Don) (Clarionet) (Joe Gomes) | ||
| 600 |
_aJoe Gomes _920551 |
||
| 650 |
_aInstrumental film tunes _zIndia _91186 _xExcerpts |
||
| 942 |
_2ddc _cGR |
||
| 999 |
_c46535 _d46535 |
||